000 00759nam a2200229 a 4500
001 64573
003 BD-RjUL
005 20211209081325.0
008 170216s1982 bg ||||| |||| 00| p ben d
020 _c: Tk. 10.00
035 _a(BD-RjUL)64703
040 _aBD-RjUL
_bben
_cBD-RjUL
_dBD-RjUL
041 _aben
082 _223
_a891.441
_bRAM 1982
100 1 _aরহমান, শামসুর
_9170417
245 1 0 _aমাতাল ঋত্বিক /
_cশামসুর রহমান
260 _aঢাকা :
_bসন্ধানী প্রকাশনী,
_c১৯৮২
300 _a৬০ পৃ. ;
_c২৩ সেমি.
650 _aবাংলা কবিতা
_9179513
650 _aBengali Poetry
_9179514
942 _2ddc
_cBK
999 _c64573
_d64573